De Duncan Quiz - Statistics

General Stats
  • This quiz has been taken 8 times
  • The average score is 13 of 15
Answer Stats
Hint Answer % Correct
Welke bijnaam wordt vaak gegeven aan deze man Dunckie
100%
Wie is er zeker niet 1.95, aldus Duncan Finn
100%
Wie is de dame van Duncan Jennifer
100%
Wie gleed er uit tijdens die crashout Jurre
100%
Waarmee hij dit orgaan bezeerde Milt
100%
En hij in dit ziekenhuis zat Rotterdam
100%
Duncan kwam bijna om het leven in een incident met welk voertuig? Scooter
100%
Hoeveel lantaarnpalen zijn er aanwezig in Duncan's gehele straat 1
75%
Hoeveel barkie is de watch van Duncan? 5
75%
De Nederlands docent benadrukt vaak dat duncan is..... Blijven Zitten
75%
Waar lijkt de scooter op, volgens Finn Boot
75%
En als laatste, hij werkt bij de Drukkerij
75%
Zijn vader verkoopt aanhangwagens, en...... Kachels
75%
Dit verkoopt hij helaas niet meer Motoren
50%
Duncan sloeg waar tegen aan na zijn carnaval crashout schuur
50%
No matching quizzes found
Score Distribution
Percent of People with Each Score
Percentile by Number Answered
Your Score History
You have not taken this quiz